10 - 11 ශේණී සිංහල භාෂාව /

Saved in:
Bibliographic Details
Main Author: වැයිහේන, ගයා
Format: Book
Language:English
Tags: Add Tag
No Tags, Be the first to tag this record!

MARC

LEADER 00000nam a22000007a 4500
003 LK-HrPL
005 20250620101445.0
008 250620b |||||||| |||| 00| 0 eng d
020 |a 9789553019110 
040 |a LK-HrPL  |b sin  |d LK-HrPL 
082 |a 491.48  |b වැයිහේ 
100 |a වැයිහේන, ගයා 
245 |a 10 - 11 ශේණී සිංහල භාෂාව /  |c ගයා වැයිහේන 
942 |c LBK 
999 |c 38829  |d 38829